Métropole européenne de Lille - Statistiques

Statistiques générales
  • Ce quiz a été pris 91 fois
  • Le résultat moyen est 27 sur 95
Réponses sur la Carte
Les réponses sont colorées sur une échelle allant du rouge au vert en fonction du pourcentage des utilisateurs qui les ont devinées à leur premier essai. Vous pouvez retrouver ces pourcentages ci-dessous.
 
Statistiques - réponses
Communes % Correct
Lille
99%
Roubaix
96%
Tourcoing
92%
Villeneuve d'Ascq
86%
Croix
67%
Marcq en Baroeul
67%
Armentières
64%
Lesquin
63%
Wattrelos
63%
La Madeleine
61%
Loos
61%
Mons en Baroeul
61%
Wasquehal
61%
Lambersart
59%
Seclin
59%
Ronchin
54%
Wambrechies
51%
Halluin
50%
Hem
50%
Bondues
45%
Saint André lez Lille
45%
Haubourdin
42%
Roncq
41%
Wattignies
41%
Marquette lez Lille
39%
Mouvaux
38%
Comines
36%
Faches Thumesnil
36%
La Chapelle d'Armentières
36%
Neuville en Ferrain
36%
Lezennes
34%
Pérenchies
32%
Lys lez Lannoy
30%
Sequedin
29%
Baisieux
28%
Leers
28%
La Bassée
26%
Englos
25%
Lannoy
25%
Bousbecque
24%
Fretin
24%
Quesnoy sur Deûle
22%
Templemars
22%
Wavrin
22%
Linselles
21%
Sainghin en Mélantois
21%
Deûlémont
20%
Toufflers
20%
Verlinghem
20%
Annoeullin
18%
Capinghem
18%
Santes
18%
Wervicq Sud
18%
Bouvines
17%
Chéreng
16%
Fournes en Weppes
16%
Lompret
16%
Sainghin en Weppes
16%
Warneton
16%
Anstaing
14%
Houplines
14%
Prémesques
14%
Beaucamps Ligny
13%
Don
13%
Emmerin
13%
Illies
13%
Provin
13%
Willems
13%
Hallennes lez Haubourdin
12%
Sailly lez Lannoy
12%
Vendeville
12%
Bauvin
11%
Forest sur Marque
11%
Houplin Ancoisne
11%
Marquillies
11%
Noyelles lès Seclin
11%
Ennetières en Weppes
9%
Erquinghem Lys
9%
Frelinghien
9%
Herlies
9%
Salomé
9%
Tressin
9%
Bois Grenier
8%
Gruson
8%
Radinghem en Weppes
8%
Aubers
7%
Carnin
7%
Wicres
7%
Allennes les Marais
5%
Erquinghem le Sec
5%
Fromelles
5%
Péronne en Mélantois
5%
Hantay
4%
Escobecques
3%
Le Maisnil
3%
Aucun quiz correspondant
Distribution des résultats
% des personnes avec chaque résultat
Percentile par nombre de réponses
Votre historique - résultats
Vous n’avez pas pris ce quiz